The cat in the hat comes back [

Bibliographic Details
Main Author: SEUSS
Format: Book
Published: South Norwalk : Random House , 1989
Subjects:

MARC

LEADER 00000cam a2200000 7i4500
001 0000000274
002 000000345
005 20000330.0
020 |a 000000345 
090 0 0 |a JF   |b SEU 
100 1 |a SEUSS   |f Dr. 
245 1 4 |a The cat in the hat comes back [  |h videorecording]   |c Dr. Seuss 
260 |a South Norwalk :   |b Random House ,   |c 1989 
300 |a 1 videocassette VHS (30:00 min) :   |b Col.(PAL) 
650 0 0 |a Children fiction   |x cartoons and caricatures 
999 |a PV0120   |b VIDEO   |c JUNIOR REFERENCE   |e PERPUSTAKAAN KOMUNITI PETALING JAYA